100 personnages de Naruto - Statistiques

Statistiques générales
  • Ce quiz a été pris 74 603 fois
  • Le résultat moyen est 49 sur 100
Statistiques - réponses
Numéro Personnage % Correct
67 A (3eme Raikage)
100%
60 A (4eme Raikage)
100%
1 Naruto Uzumaki
99%
2 Sasuke Uchiwa
98%
3 Sakura Haruno
97%
4 Kakashi Hatake
96%
11 Hinata Hyuga
91%
29 Itachi Uchiwa
91%
38 Obito Uchiwa
90%
19 Tsunade
89%
41 Minato Namikaze
88%
5 Shikamaru Nara
88%
7 Ino Yamanka
87%
14 Rock Lee
87%
18 Jiraya
86%
20 Orochimaru
86%
6 Choji Akimichi
85%
25 Gaara
85%
64 Madara Uchiwa
85%
13 Neji Hyuga
85%
35 Pain
81%
15 Tenten
80%
10 Kiba Inuzuka
77%
39 Hashirama Senju
75%
32 Deidara
74%
40 Tobirama Senju
74%
9 Shino Aburame
73%
27 Temari
72%
8 Asuma Sarutobi
71%
30 Kisame Hoshigaki
70%
31 Sasori
70%
76 Rin
68%
36 Konan
67%
37 Nagato
67%
17 Hiruzen Sarutobi
66%
33 Hidan
65%
22 Kabuto Yakushi
64%
77 Kushina Uzumaki
64%
100 Kurama
62%
23 Sai
62%
12 Kurenaï Yûhi
61%
34 Kakuzu
60%
56 Konohamaru Sarutobi
60%
59 Killer Bee
58%
26 Kankuro
57%
42 Zabuza Momochi
55%
63 Danzo Shimura
54%
45 Karin
53%
16 Gai Maito
52%
79 Shisui Uchiwa
52%
91
48%
24 Yamato
48%
43 Haku
45%
55 Iruka Umino
45%
89 Han
43%
44 Suigetsu Hozuki
40%
46 Jugo
39%
62 Mei Terumi (5eme Mizukage)
37%
78 Fugaku Uchiwa
34%
92 Shukaku
34%
82 Shikaku Nara
32%
95 Son Gokû
32%
65 Mû (2eme Tsuchikage)
31%
21 Shizune
31%
61 Onoki (3eme Tsuchikage)
29%
93 Matatabi
28%
70 Darui
27%
52 Kimimaro
26%
90 Utakata
26%
53 Anko Mitarashi
23%
80 Chôza Akimichi
22%
81 Inoichi Yamanaka
22%
74 Ebisu
21%
75 Hanabi Hyuga
21%
28 Baki
20%
94 Isobu
19%
72 Karui
19%
71 Omoï
19%
97 Saiken
19%
87 Yagura (4eme Mizukage)
19%
99 Gyûki
18%
58 Moegi Kazamatsuri
18%
57 Udon Ise
18%
98 Chômei
17%
96 Kokuô
16%
49 Tayuya
16%
86 Yugito Nii
16%
54 Ibiki Morino
15%
88 Rôshi
15%
69 Chôjûrô
14%
48 Jirobo
14%
84 Hiashi Hyuga
13%
50 Sakon
13%
47 Kidomaru
12%
68 Rasa (4eme Kazekage)
12%
85 Hizashi Hyuga
11%
73 Samui
10%
51 Ukon
10%
83 Shibi Aburame
8%
66 Gengestu Hôzuki (2eme Mizukage)
4%
Aucun quiz correspondant
Distribution des résultats
% des personnes avec chaque résultat
Percentile par nombre de réponses
Votre historique - résultats
Vous n’avez pas pris ce quiz